Chuyện đời thường

Kaydedildi:
Detaylı Bibliyografya
Yazar: Tân, Minh Thành
Materyal Türü: Kitap
Dil:Undetermined
Baskı/Yayın Bilgisi: Cần Thơ Đại học Cần Thơ 2013
Konular:
Etiketler: Etiketle
Etiket eklenmemiş, İlk siz ekleyin!
Thư viện lưu trữ: Trung tâm Học liệu Trường Đại học Cần Thơ
LEADER 00555nam a2200193Ia 4500
001 CTU_229691
008 210402s9999 xx 000 0 und d
020 |c 27000 
082 |a 895.922803 
082 |b Th107 
100 |a Tân, Minh Thành 
245 0 |a Chuyện đời thường 
245 0 |c Tân Minh Thành 
260 |a Cần Thơ 
260 |b Đại học Cần Thơ 
260 |c 2013 
650 |a Văn học Việt Nam,Vietnamese literature 
910 |b nthai 
980 |a Trung tâm Học liệu Trường Đại học Cần Thơ